000 00281nam a2200121Ia 4500
008 190216s9999||||xx |||||||||||||| ||und||
100 _aNavendu Ghosh
245 0 _aHindi-Chunintha Kahaniyam
260 _bRoshnai Prakashan
_c2009
300 _a287
650 _aHindi
942 _cBK
999 _c16852
_d16852